| 000 | 00746nam a2200253 a 4500 | ||
|---|---|---|---|
| 001 | 76477 | ||
| 003 | BD-RjUL | ||
| 005 | 20211209082841.0 | ||
| 008 | 191210s1963 enk 000 0 eng | ||
| 035 | _a(BD-RjUL)76699 | ||
| 035 | _a(OCoLC)9133897 | ||
| 040 |
_aDLC _cICarbS _dDLC _beng |
||
| 041 | _aeng | ||
| 082 | 0 | 0 |
_223 _a799.26 _bBRH 1963 |
| 100 | 1 |
_aBrock, Stanley E. _9236250 |
|
| 245 | 1 | 0 |
_aHunting in the wilderness : _bbig game hunting north of the Amazon / _cStanley E. Brock |
| 260 |
_aLondon : _bR. Hale, _c1963 |
||
| 300 |
_a208 p.: _billus.; _c23 cm. |
||
| 650 | 0 |
_aHunting _zSouth America. _9236251 |
|
| 650 | 0 |
_aGame and game-birds _zSouth America. _9236252 |
|
| 942 |
_2ddc _cBK |
||
| 999 |
_c76477 _d76477 |
||